| 000 | 00874nam a2200277Ia 4500 | ||
|---|---|---|---|
| 003 | OSt | ||
| 005 | 20221006144420.0 | ||
| 006 | a|||||r|||| 00| 0 | ||
| 007 | ta | ||
| 008 | 221006b |||||||| |||| 00| 0 eng d | ||
| 024 | _a11,646 | ||
| 037 | _cTextual | ||
| 040 |
_aEASL _cEASL _beng |
||
| 041 |
_2eng _aeng |
||
| 082 | _aVv41.N11, L5 | ||
| 100 |
_aHSIEH Winston _9651931 |
||
| 245 | 0 |
_aChinese historiography on the revolution of 1911 _b A critical survey and a selected bibliography |
|
| 260 |
_aStandford _bHoover Institution Press _c1975 |
||
| 300 |
_axvi,166p. _ccm. |
||
| 490 |
_v CEL _aHoover Institution Studies, 34 |
||
| 650 |
_a Bibliography- Writings- Orthodox _9651932 |
||
| 650 | _a CEL | ||
| 650 |
_aRevolution- Bibliographical -Chinese _9651933 |
||
| 942 |
_hVv41.N11, L5 _cTEXL _2CC |
||
| 999 |
_c1079732 _d1079732 |
||